Chaîne de mots - Monuments français - Statistiques

Statistiques générales
  • Ce quiz a été pris 94 fois
    74 depuis la dernière actualisation
  • Le résultat moyen est 10 sur 30
Statistiques - réponses
Hint Réponse % Correct
Dame de Fer Tour Eiffel
98%
Ancien palais royal abritant la Joconde et célèbre pour sa pyramide de verre Louvre
97%
Îlot rocheux normand et son abbaye Mont Saint-Michel
95%
Résidence du Président de la République Elysée
75%
Ville rose, célèbre pour son Capitole Toulouse
64%
Cadeau égyptien, il trône au centre d'une célèbre place parisienne Obélisque
61%
Chef-d'œuvre de l'architecture néo-baroque, abritant le Fantôme de l'Opéra Opéra Garnier
59%
Basilique au dôme blanc qui domine la butte Montmartre Sacré-Cœur
57%
Célèbres falaises de craie blanche en Normandie, notamment l'Aiguille creuse Etretat
56%
Le seul gratte-ciel du centre de Paris, offrant un observatoire panoramique Tour Montparnasse
56%
Ville du Gard célèbre pour ses arènes romaines très bien conservées Nîmes
49%
Ville alsacienne célèbre pour sa cathédrale à la flèche unique Strasbourg
44%
Cité mariale médiévale spectaculaire, accrochée à une falaise dans le Lot Rocamadour
28%
Forme de la place la plus célèbre de France Étoile
23%
Ensemble de palais dans le parc du Château de Versailles Trianon
21%
Murs d'enceinte de la cité corsaire bretonne Remparts de Saint-Malo
20%
Lieu parisien offrant la vue la plus célèbre sur la Tour Eiffel, encadrée par deux palais et des bassins. Esplanade du Trocadéro
18%
Vaste forteresse médiévale d'Avignon, siège de la papauté au XIVe siècle Palais des Papes
18%
Joyau gothique connu pour ses immenses vitraux, sur l'Île de la Cité Sainte-Chapelle
18%
Sculpture colossale en pierre, œuvre de Bartholdi, commémorant la résistance de la ville Lion de Belfort
15%
Monument parisien aux allures de temple grec antique Eglise de la Madeleine
13%
Massif de l'... dont les roches rouges plongent dans la Méditerranée Estérel
11%
Célèbre château et domaine qui fut une résidence de chasse présidentielle Rambouillet
10%
Vaste édifice classique construit au XVIIIe siècle, il se dresse face au Champ de Mars Ecole Militaire
8%
Vaste pelouse menant au dôme qui abrite le tombeau de Napoléon Esplanade des Invalides
7%
Célèbre hippodrome parisien situé dans le Bois de Boulogne Lonchamp
7%
Deuxième plus grande église de Paris, connue pour son grand orgue et son gnomon Église Saint-Sulpice
2%
Site naturel et artistique immortalisé par le peintre Camille Corot, dans les Hauts-de-Seine Etangs de Corot
0%
Célèbre pont historique sur le Rhône Guillotière
0%
Grande salle de spectacles inaugurée sous Napoléon III, elle est située sur la place éponyme Théâtre du Châtelet
0%
Aucun quiz correspondant
Distribution des résultats
% des personnes avec chaque résultat
Percentile par nombre de réponses
Votre historique - résultats
Vous n’avez pas pris ce quiz depuis la dernière actualisation